000 00294nam a22001337a 4500
008 181217b xxu||||| |||| 00| 0 eng d
020 _a31006
041 _aeng
080 _23rd
_a510
100 _a36
101 _aMAT
245 _aA Survey of Modern Algebra
_cBirkhoff, G
942 _2udc
_cBK
999 _c53320
_d53320